The mysteries of fire and water / (Record no. 95297)

MARC details
000 -LEADER
fixed length control field 00717nam a22002297a 4500
005 - DATE AND TIME OF LATEST TRANSACTION
control field 20151015105730.0
010 ## - LCCN (DPL NO)
LC control number ENG-113694
020 ## - INTERNATIONAL STANDARD BOOK NUMBER
International Standard Book Number 9788190848756
Terms of availability 225.00
035 ## - SYSTEM CONTROL NUMBER
System control number EN- 97226
037 ## - SOURCE OF ACQUISITION
Source of stock number/acquisition DBAD/PUB
082 ## - DEWEY DECIMAL CLASSIFICATION NUMBER
Classification number 299.93
100 ## - MAIN ENTRY--PERSONAL NAME
Personal name Aïvanhov, Omraam Mikhaël
245 ## - TITLE STATEMENT
Title The mysteries of fire and water /
Statement of responsibility, etc by Omraam Mikhael Aivanhov
260 ## - PUBLICATION, DISTRIBUTION, ETC. (IMPRINT)
Place of publication, distribution, etc New Delhi
Name of publisher, distributor, etc VIJ Books
Date of publication, distribution, etc 2009
270 ## - ADDRESS
Address 2/19,(Second Floor) Ansari Road, Darya Ganj
City New Delhi
Postal code 110002
300 ## - PHYSICAL DESCRIPTION
Extent 171p.
Dimensions 18cm(pbk)
490 ## - SERIES STATEMENT
Series statement Izvor collection ; no.232
650 ## - SUBJECT ADDED ENTRY--TOPICAL TERM
Topical term or geographic name as entry element Fire
General subdivision Religious aspects.
650 ## - SUBJECT ADDED ENTRY--TOPICAL TERM
Topical term or geographic name as entry element Water
General subdivision Religious aspects.
650 ## - SUBJECT ADDED ENTRY--TOPICAL TERM
Topical term or geographic name as entry element Spiritual life.
942 ## - ADDED ENTRY ELEMENTS (KOHA)
Source of classification or shelving scheme Dewey Decimal Classification
Item type English Books
Call number suffix AIV
Classification part 299.93
Holdings
Withdrawn status Lost status Not for loan Collection code Home library Current library Date acquired Source of acquisition Cost, normal purchase price Full call number Barcode Copy number Cost, replacement price Koha item type
    Not For Loan Non-fiction D.B.Act.Division D.B.Act.Division 28/07/2015 DBAD/PUB 225.00 299.93 AIV EN-97226 1 225.00 English Books

© Delhi Public Library
Hit Counter
free hit counter